[Event "Pocos de Caldas op"]
[Site "Pocos de Caldas"]
[Date "2024.05.17"]
[Round "2"]
[White "Almeida, Luiza Vitoria Teren"]
[Black "Eto, Fabio Luis"]
[Result "0-1"]
[WhiteElo "1748"]
[BlackElo "1813"]
[PlyCount "42"]
[EventDate "2024.05.17"]
[EventType "swiss"]
[EventRounds "6"]
[EventCountry "BRA"]
[SourceTitle "EXT 2025"]
[Source "ChessBase"]
[SourceDate "2024.10.14"]
[SourceVersion "1"]
[SourceVersionDate "2024.10.14"]
[SourceQuality "1"]

1. d4 d5 2. c4 c6 3. Nc3 Nf6 4. Bf4 dxc4 5. e4 b5 6. e5 Nd5 7. Bd2 Bf5 8. Nf3 e6 9. Bg5 Qa5 10. Rc1 Bb4 11. Bd2 Bxc3 12. Bxc3 b4 13. Bd2 c3 14. bxc3 Nxc3 15. Bxc3 bxc3 16. Qb3 c2+ 17. Nd2 Nd7 18. Qb7 Rb8 19. Qxc6 Rb1 20. Ke2 Rxc1 21. Nc4 Re1+ 0-1

[Event "Araraquara op 2nd"]
[Site "Araraquara"]
[Date "2024.02.10"]
[Round "2"]
[White "Barbieri, Pedro Silveira"]
[Black "Eto, Fabio Luis"]
[Result "1-0"]
[WhiteElo "1988"]
[BlackElo "1686"]
[PlyCount "97"]
[EventDate "2024.02.10"]
[EventType "swiss"]
[EventRounds "7"]
[EventCountry "BRA"]
[SourceTitle "CBM 218 Extra"]
[Source "ChessBase"]
[SourceDate "2024.03.31"]
[SourceVersion "1"]
[SourceVersionDate "2024.03.31"]
[SourceQuality "1"]

1. d4 d5 2. c4 c6 3. Nc3 Nf6 4. Nf3 dxc4 5. a4 Bf5 6. e3 e6 7. Bxc4 Bb4 8. 0-0 Nbd7 9. Qe2 0-0 10. e4 Bg6 11. Bd3 h6 12. e5 Bxd3 13. Qxd3 Nd5 14. Nxd5 cxd5 15. Qb5 Qe7 16. a5 Nb8 17. Ra4 Nc6 18. Be3 Qc7 19. Rc1 Bxa5 20. Rxc6 bxc6 21. Qxa5 Qxa5 22. Rxa5 Rfb8 23. Ra2 a5 24. Bd2 a4 25. Bc3 Kf8 26. Kf1 Ke7 27. Ne1 Rb3 28. Ra3 Rb7 29. Nd3 Kd8 30. Bb4 Kc7 31. b3 Rba7 32. Bd6+ Kd8 33. b4 f6 34. Nc5 Ke8 35. Nxe6 Kf7 36. Nc5 f5 37. e6+ Kf6 38. e7 f4 39. f3 h5 40. h3 h4 41. Ke2 Kf5 42. Kd3 Kf6 43. Kc3 Kf5 44. b5 cxb5 45. Kb4 Ra5 46. Nd3 Ke6 47. Bc5 Kd7 48. Ne5+ Ke8 49. Nc6 1-0

[Event "Araraquara op 2nd"]
[Site "Araraquara"]
[Date "2024.02.10"]
[Round "1"]
[White "Eto, Fabio Luis"]
[Black "Carvalho, Sofia Silva"]
[Result "1-0"]
[WhiteElo "1686"]
[BlackElo "1800"]
[PlyCount "53"]
[EventDate "2024.02.10"]
[EventType "swiss"]
[EventRounds "7"]
[EventCountry "BRA"]
[SourceTitle "CBM 218 Extra"]
[Source "ChessBase"]
[SourceDate "2024.03.31"]
[SourceVersion "1"]
[SourceVersionDate "2024.03.31"]
[SourceQuality "1"]

1. e4 c5 2. Nf3 e6 3. d4 cxd4 4. Nxd4 Qc7 5. Bd3 a6 6. Qe2 Bc5 7. Nb3 Ne7 8. Nxc5 Qxc5 9. Be3 Qe5 10. c3 d5 11. Bd4 Qg5 12. Nd2 Qxg2 13. 0-0-0 Ng6 14. Rdg1 Nf4 15. Rxg2 Nxe2+ 16. Bxe2 b5 17. exd5 Bb7 18. Bf3 Nd7 19. dxe6 Bxf3 20. exd7+ Kd8 21. Nxf3 Kxd7 22. Rxg7 Ke6 23. Re1+ Kd6 24. Rxf7 Rhf8 25. Ree7 Rae8 26. Rd7+ Ke6 27. Ng5# 1-0

[Event "Araraquara op"]
[Site "Araraquara"]
[Date "2023.02.21"]
[Round "6.35"]
[White "Eto, Fabio Luis"]
[Black "Marcal, David Hakak"]
[Result "1-0"]
[WhiteElo "1609"]
[BlackElo "1285"]
[PlyCount "51"]
[EventDate "2023.02.19"]
[EventType "swiss"]
[EventRounds "6"]
[EventCountry "BRA"]
[SourceTitle "CBM 213 Extra"]
[Source "ChessBase"]
[SourceDate "2023.05.31"]
[SourceVersion "1"]
[SourceVersionDate "2023.05.31"]
[SourceQuality "1"]

1. e4 c5 2. Nf3 d6 3. d4 cxd4 4. Nxd4 Nf6 5. Nc3 a6 6. Be2 e5 7. Nb3 Be6 8. Be3 Nbd7 9. 0-0 Be7 10. Qd2 Rc8 11. f3 b5 12. Rfd1 0-0 13. a3 Nb6 14. Na5 Qc7 15. Rac1 Rfd8 16. Qe1 Nbd7 17. Nd5 Bxd5 18. exd5 Re8 19. c4 Qb8 20. Nc6 Qb7 21. Qb4 Nb6 22. b3 Bf8 23. a4 Nfd7 24. axb5 axb5 25. Qxb5 Nc5 26. b4 1-0

[Event "Taubate op 3rd"]
[Site "Taubate"]
[Date "2022.12.01"]
[Round "1"]
[White "Piekarski, Atila Balzer"]
[Black "Eto, Fabio Luis"]
[Result "1-0"]
[WhiteElo "2088"]
[BlackElo "1610"]
[PlyCount "101"]
[EventDate "2022.12.01"]
[EventType "swiss"]
[EventRounds "6"]
[EventCountry "BRA"]
[SourceTitle "CBM 211 Extra"]
[Source "ChessBase"]
[SourceDate "2023.01.31"]
[SourceVersion "1"]
[SourceVersionDate "2023.01.31"]
[SourceQuality "1"]

1. e4 c5 2. Nf3 Nc6 3. d4 cxd4 4. Nxd4 Nf6 5. Nc3 e5 6. Ndb5 d6 7. Bg5 a6 8. Na3 b5 9. Nd5 Be7 10. Bxf6 Bxf6 11. c3 Rb8 12. Nc2 Bg5 13. a4 bxa4 14. Rxa4 Rxb2 15. Bxa6 Bd7 16. 0-0 Nb8 17. Rb4 Rxb4 18. Ncxb4 Nxa6 19. Nxa6 0-0 20. Qb3 Qa5 21. Nab4 Rc8 22. c4 Qc5 23. Qg3 Bd8 24. Rc1 Qd4 25. Qd3 Qa7 26. Ne3 Bb6 27. Nbd5 Bd8 28. Rd1 Be6 29. h3 g6 30. Kh1 Kg7 31. f4 f6 32. f5 Bf7 33. fxg6 hxg6 34. Ng4 Be6 35. Qf3 Rxc4 36. Ndxf6 Qf7 37. Rf1 Bxf6 38. Nxf6 Rd4 39. Kh2 Bc4 40. Rf2 Be6 41. g3 Rb4 42. Qa3 Qb7 43. Ne8+ Kh7 44. Nxd6 Qb6 45. Rd2 Rb3 46. Qc1 Qe3 47. Qc7+ Kh6 48. Rg2 Qf3 49. Qe7 Bg8 50. Ne8 Qf7 51. Qh4# 1-0

[Event "BRA-ch U2000 Amateurs"]
[Site "Sao Paulo"]
[Date "2022.06.17"]
[Round "3"]
[White "Eto, Fabio Luis"]
[Black "Dias, Joao Batista de Sou"]
[Result "1-0"]
[WhiteElo "1535"]
[BlackElo "1851"]
[PlyCount "59"]
[EventDate "2022.06.16"]
[EventType "swiss"]
[EventRounds "7"]
[EventCountry "BRA"]
[SourceTitle "CBM 208 Extra"]
[Source "ChessBase"]
[SourceDate "2022.07.31"]
[SourceVersion "1"]
[SourceVersionDate "2022.07.31"]
[SourceQuality "1"]

1. e4 g6 2. d4 Bg7 3. Nf3 d6 4. Bc4 Nf6 5. Qe2 0-0 6. Bf4 Nc6 7. Nc3 Bg4 8. Rd1 Qc8 9. h3 Bxf3 10. Qxf3 e5 11. dxe5 Nxe5 12. Bxe5 dxe5 13. 0-0 c6 14. Rd6 Ne8 15. Rd3 b5 16. Bb3 a5 17. a3 Nc7 18. Re1 Ne6 19. Bxe6 Qxe6 20. Rd6 Qc4 21. Qe3 b4 22. Na4 Qxc2 23. Nb6 Rae8 24. Rd2 b3 25. Rxc2 bxc2 26. Rc1 Rd8 27. Rxc2 Rd1+ 28. Kh2 Rfd8 29. Rxc6 R8d3 30. Rc8+ 1-0

[Event "Pocos de Caldas op"]
[Site "Pocos de Caldas"]
[Date "2022.03.12"]
[Round "4"]
[White "Eto, Fabio Luis"]
[Black "Vaz, Vania Dora Madona"]
[Result "1-0"]
[WhiteElo "1549"]
[BlackElo "1230"]
[PlyCount "43"]
[EventDate "2022.03.11"]
[EventType "swiss"]
[EventRounds "6"]
[EventCountry "BRA"]
[SourceTitle "CBM 207 Extra"]
[Source "ChessBase"]
[SourceDate "2022.05.31"]
[SourceVersion "1"]
[SourceVersionDate "2022.05.31"]
[SourceQuality "1"]

1. e4 e6 2. d4 d5 3. Nd2 Nf6 4. Bd3 c5 5. e5 Nfd7 6. c3 cxd4 7. cxd4 f6 8. Qh5+ Ke7 9. b3 Qe8 10. Qh4 h6 11. f4 Kd8 12. Ngf3 b6 13. 0-0 Ba6 14. Bxa6 Nxa6 15. exf6 gxf6 16. Re1 Nc7 17. f5 Be7 18. fxe6 Nf8 19. Qh3 Ng6 20. Nf1 h5 21. Qf5 Nb5 22. Qxd5+ 1-0

[Event "Pocos de Caldas op"]
[Site "Pocos de Caldas"]
[Date "2022.03.11"]
[Round "1"]
[White "Soares, Joao Carlos TC"]
[Black "Eto, Fabio Luis"]
[Result "1-0"]
[WhiteElo "2080"]
[BlackElo "1549"]
[PlyCount "45"]
[EventDate "2022.03.11"]
[EventType "swiss"]
[EventRounds "6"]
[EventCountry "BRA"]
[SourceTitle "CBM 207 Extra"]
[Source "ChessBase"]
[SourceDate "2022.05.31"]
[SourceVersion "1"]
[SourceVersionDate "2022.05.31"]
[SourceQuality "1"]

1. d4 d5 2. c4 c6 3. Nc3 Nf6 4. Nf3 dxc4 5. e4 b5 6. e5 Nd5 7. Ne4 e6 8. Be2 Be7 9. 0-0 0-0 10. Qc2 h6 11. h4 Bxh4 12. g3 Be7 13. Kg2 Nd7 14. b3 Nb4 15. Qb1 cxb3 16. axb3 a6 17. Rh1 f5 18. exf6 Nxf6 19. Bxh6 Nxe4 20. Qxe4 Qd5 21. Qg6 Rf7 22. Bxg7 Qf5 23. Rh8# 1-0

[Event "Osasco Carvalho Memorial"]
[Site "Osasco"]
[Date "2022.02.20"]
[Round "5"]
[White "De Morais, Jose Gabriel Rodrig"]
[Black "Eto, Fabio Luis"]
[Result "0-1"]
[WhiteElo "1449"]
[BlackElo "1553"]
[PlyCount "90"]
[EventDate "2022.02.18"]
[EventType "swiss"]
[EventRounds "6"]
[EventCountry "BRA"]
[SourceTitle "CBM 207 Extra"]
[Source "ChessBase"]
[SourceDate "2022.05.31"]
[SourceVersion "1"]
[SourceVersionDate "2022.05.31"]
[SourceQuality "1"]

1. d4 d5 2. c4 c6 3. Nc3 Nf6 4. Nf3 dxc4 5. e4 b5 6. e5 Nd5 7. g3 Bf5 8. Bg2 Nb4 9. 0-0 Bd3 10. Ne2 e6 11. Ne1 Bxe2 12. Qxe2 Qxd4 13. Bf4 Nd5 14. Rd1 Qb6 15. Bg5 Bc5 16. Nc2 Nd7 17. Ne3 h6 18. Nxd5 cxd5 19. Bd2 0-0 20. Qg4 Nxe5 21. Qh5 Ng6 22. Rde1 Rad8 23. Re2 Bd4 24. Bb4 Rfe8 25. Rfe1 a5 26. Bc3 b4 27. Bxd4 Qxd4 28. Bh3 Qf6 29. f4 a4 30. f5 Nf8 31. fxe6 Nxe6 32. Rf1 Qd4+ 33. Kh1 Ng5 34. Ref2 Re7 35. Bg2 c3 36. h4 Ne4 37. Bxe4 Qxe4+ 38. Kh2 f6 39. Rf4 Qe2+ 40. Qxe2 Rxe2+ 41. Kh3 Rxb2 42. Re1 Kf7 43. Rff1 d4 44. Re4 d3 45. Rfe1 Rd7 0-1

[Event "Franca op U2200"]
[Site "Franca"]
[Date "2019.06.29"]
[Round "3.1"]
[White "Eto, Fabio Luis"]
[Black "Resende, Lucas B Massucato"]
[Result "0-1"]
[WhiteElo "1559"]
[BlackElo "1858"]
[PlyCount "55"]
[EventDate "2019.06.29"]
[EventType "swiss"]
[EventRounds "5"]
[EventCountry "BRA"]
[SourceTitle "EXT 2022"]
[Source "ChessBase"]
[SourceDate "2021.10.06"]
[SourceVersion "1"]
[SourceVersionDate "2021.10.06"]
[SourceQuality "1"]

1. e4 e6 2. d4 d5 3. Nd2 Nf6 4. Bd3 c5 5. e5 Nfd7 6. c3 Nc6 7. Ngf3 Qb6 8. dxc5 Nxc5 9. Bc2 Qa6 10. Nb3 Nd7 11. Bd3 Qb6 12. Qe2 f6 13. exf6 Nxf6 14. 0-0 Bd6 15. Nbd4 0-0 16. Bg5 Nxd4 17. Nxd4 e5 18. Nb3 Qc7 19. Bc2 Bd7 20. Rad1 Bc6 21. c4 e4 22. cxd5 Bxh2+ 23. Kh1 Ba4 24. Bxf6 Rxf6 25. Qxe4 Rh6 26. Rfe1 Re8 27. Qxa4 Bg1+ 28. Kxg1 0-1